Wszystkie drużyny ze zdobytymi przynajmiej 2 UEFA CHAMPIONS LEAGUE - Statystyki

Ogólne statystyki
  • Ten quiz został rozwiązany 46 razy
  • Średni wynik to 11 z 13
Statystyki odpowiedzi
z jakiego kraju klub (Nazwa i miasto) lata % Poprawnych
Włochy Juventus 1985,1996
98%
Hiszpania Real Madryt 1956,1957,1958,1959,1960,1966,1998,2000,2002,2014,2016,2017,2018,2022,2024
98%
Włochy AC Milan 1963,1969,1989,1990,1994,2003,2007
95%
Hiszpania FC Barcelona 1992,2006,2009,2011,2015
95%
Włochy Inter Mediolan 1964,1965,2010
95%
Anglia Liverpool 1977,1978,1981,1984,2005,2019
95%
Niemcy Bayern Monachium 1974,1975,1976,2001,2013,2020
93%
Holandia Ajax Amsterdam 1971,1972,1973,1995
90%
Anglia Chelsea 2012,2021
90%
Portugalia FC Porto 1987,2004
90%
Anglia Manchester United 1968,1999,2008
88%
Anglia Nottingham Forest 1979,1980
70%
Portugalia SL Benfica 1961,1962
33%
Nie znaleziono quizów pasujących do podanych kryteriów
Rozkład punktacji
Procent ludzi z każdym wynikiem
Percentyl według liczby udzielonych odpowiedzi
Twoja historia wyników
Nie rozwiązałeś tego quizu